00457 2200169 4500001002100000005001500021035002000036007000300056008004100059020001800100082001300118084002300131100001500154245006600169260003600235990001600271INLIS00000000000265820260409104709 a0010-0426000116ta260409 0  a9786231894250 a920.0598 a920.0598 NUR h c.10 aNur Rokhim1 aH.O.S TJOKROAMINOTO :bPeran dan Sumbangsihnya bagi indonesia ayogyakarta :bDIVA Press,c2024 a2026/h/0716